000 00330nam a2200133Ia 4500
008 150201s2009 xx 000 0 und d
082 _a616
_bM09A
100 _aAVUNDUK,CANAN
245 _aMANUAL OF GASTROENTEROLGY
250 _a4TH
260 _bWOLTERKULWER
_aDELHI
_c2009
650 _aMEDICINE AND DIAGNOSIS
942 _2ddc
_cBK
_01
999 _c664
_d664